Archaeologies of social life : age, sex, class et cetera in ancient Egypt

Saved in:
Bibliographic Details
Main Author: Meskell, Lynn
Format: Book
Language:English
Published: Oxford : Blackwell, 1999
Series:Social archaeology
Subjects:
Tags: Add Tag
No Tags, Be the first to tag this record!

MARC

LEADER 00000nam a2200000 i 4500
001 1/33673
008 030304s1999 eng d
020 |a 0-631-21299-X 
035 |l 10069556 
040 |a GR-MY-UA  |b gre  |e aacr 
041 0 |a eng 
082 0 |a 306.0932 
100 0 |a Meskell, Lynn. 
245 1 0 |a Archaeologies of social life :  |b age, sex, class et cetera in ancient Egypt /  |c Lynn Meskell 
260 |a Oxford :   |b Blackwell,   |c 1999 
300 |a 260 p. 
490 1 |a Social archaeology 
651 0 |a Egypt  |x Social life and customs  |y To 332 B.C. 
651 0 |a Egypt  |x Antiquities. 
830 0 |a Social archaeology 
852 |a INST  |b RHODES  |e 20030304  |h 306.0932 MES  |p 005400020667  |q 005400020667  |t BK  |y 0 
901 |a BIBL4-2003-1 
909 |a Ρ  |b 104237 
922 |a 4ΕΛΗ  |b 200211  |c ΕΠΕΑΕΚ2/ΤΜΣ  |d ΠΑΠΑΣΩΤΗΡΙΟΥ & ΕΛΕΥΘΕΡΟΥΔΑΚΗΣ 
950 |a 124-2002-10-18 
970 |a ΚΟΥΛΑΚΙΟΤΗ  |b ΛΙΤΣΑ  |z 2003/03/04